El derecho ductil, ley, derechos, justicia / (Registro nro. 50150)

Detalles MARC
000 -LEADER
fixed length control field 01329nam a2200325 4500
001 - CONTROL NUMBER
control field 0000023840
003 - CONTROL NUMBER IDENTIFIER
control field CO-CtgCURN
005 - DATE AND TIME OF LATEST TRANSACTION
control field 20251001222523.0
008 - FIXED-LENGTH DATA ELEMENTS--GENERAL INFORMATION
fixed length control field 160627s2011 000 0 eng d
020 ## - INTERNATIONAL STANDARD BOOK NUMBER
International Standard Book Number 9788481640717
040 ## - CATALOGING SOURCE
Original cataloging agency CO-CtgCURN
Language of cataloging spa
Transcribing agency coctgcurn
082 0# - DEWEY DECIMAL CLASSIFICATION NUMBER
Classification number 342
Item number Z18
100 1# - MAIN ENTRY--PERSONAL NAME
Personal name Zagrebelsky, Gustavo.
245 13 - TITLE STATEMENT
Title El derecho ductil, ley, derechos, justicia /
Statement of responsibility, etc. Gustavo Zagrebelsky, traducción de Marina Gascon.
250 ## - EDITION STATEMENT
Edition statement 10a ed.
260 ## - PUBLICATION, DISTRIBUTION, ETC.
Place of publication, distribution, etc. Madrid :
Name of publisher, distributor, etc. Trotta,
Date of publication, distribution, etc. 2011.
300 ## - PHYSICAL DESCRIPTION
Extent 156 p.
336 ## - CONTENT TYPE
Source rdacontent
337 ## - MEDIA TYPE
Source rdamedia
Media type term sin mediacion
Media type code n
338 ## - CARRIER TYPE
Source rdacarrier
Carrier type term volumen
Carrier type code nc
490 1# - SERIES STATEMENT
Series statement Estructuras y procesos. Serie Derecho
500 ## - GENERAL NOTE
General note Incluye indice general.
505 8# - FORMATTED CONTENTS NOTE
Formatted contents note Los caracteres generales del derecho constitucional actual -- Del Estado de derecho al Estado constitucional -- La separacion de los derechos respecto de la ley -- Derechos de libertad y derechos de justicia -- La separacion de justicia respecto de la ley -- El drecho por principios -- Los jueces y elderecho
534 ## - ORIGINAL VERSION NOTE
Main entry of original II dirito mite. Legge diritti giustizia.
650 #0 - SUBJECT ADDED ENTRY--TOPICAL TERM
Topical term or geographic name entry element Derecho constitucional.
700 1# - ADDED ENTRY--PERSONAL NAME
Personal name Gascon, Marina, traductor.
908 ## - PUT COMMAND PARAMETER (RLIN)
Put command parameter 160627
942 ## - ADDED ENTRY ELEMENTS (KOHA)
Koha item type Libros
Classification part 342
Item part Z18
Source of classification or shelving scheme Dewey Decimal Classification
999 ## - SYSTEM CONTROL NUMBERS (KOHA)
-- 1
Existencias
Withdrawn status Lost status Source of classification or shelving scheme Damaged status Not for loan Home library Current library Shelving location Date acquired Total checkouts Full call number Barcode Date last seen Price effective from Koha item type
    Dewey Decimal Classification     Miguel Henríquez Castañeda Miguel Henríquez Castañeda General 03/04/2019   342 Z18 017464 03/04/2019 03/04/2019 Libros